| 000 | 00391nam a2200157Ia 4500 | ||
|---|---|---|---|
| 005 | 20250305163930.0 | ||
| 008 | 231217s9999 xx 000 0 und d | ||
| 020 | _a9788131411568 | ||
| 082 | _a336.36 VIT;1 R | ||
| 100 | _aVittal, N. | ||
| 245 | 0 | _aRoots of effective governance | |
| 260 |
_c2007 _bIcfai _aHyderabad |
||
| 300 | _avii, 400 | ||
| 650 | _aRoots,governance | ||
| 942 | _cAA | ||
| 999 |
_c191210 _d191210 |
||